Fictional Movie Presidents Quiz Stats

 Plays Quiz Updated Apr 3, 2016

Also try: Movie Presidents
Challenge
Share
Tweet
Score 0/20 Timer 08:00
4 Plays Today
% Correct
Air Force One (1997)
94%
Independence Day (1996)
81.7%
National Treasure: Book of Secrets (2007)
63.6%
Mars Attacks! (1996)
58%
The American President (1995)
57.9%
Dr. Strangelove or: How I Learned to Stop Worrying and Love the Bomb (1964)
56.6%
White House Down (2013)
51.6%
Dave (1993)
51.5%
Deep Impact (1998)
46.3%
Olympus Has Fallen (2013)
38.6%
% Correct
Idiocracy (2006)
37.5%
Pixels (2015)
23.8%
Austin Powers: The Spy Who Shagged Me (1999)
22.2%
Welcome to Mooseport (2004)
19.4%
Scary Movie 3 (2003)
16.9%
2012 (2009)
12.9%
Head of State (2003)
12.5%
Escape From New York (1981)
10.8%
Canadian Bacon (1995)
10.8%
Machete Kills (2013)
9.7%

You're not logged in!

Compare scores with friends on all Sporcle quizzes.
OR
Log In

You Might Also Like...

Show Comments

Extras

Top Quizzes Today


Score Distribution

Your Account Isn't Verified!

In order to create a playlist on Sporcle, you need to verify the email address you used during registration. Go to your Sporcle Settings to finish the process.

Report this User

Report this user for behavior that violates our Community Guidelines.

Details: